Catálogo

Vista normal Vista MARC

Entrada Personal Name

Número de registros utilizados en: 6

001 - CONTROL NUMBER

  • control field: 2973

003 - CONTROL NUMBER IDENTIFIER

  • control field: DLC

005 - DATE AND TIME OF LATEST TRANSACTION

  • control field: 20221004134728.0

008 - FIXED-LENGTH DATA ELEMENTS

  • fixed length control field: 030204n| azannaabn |b aaa

010 ## - LIBRARY OF CONGRESS CONTROL NUMBER

  • LC control number: n 2003033270

035 ## - SYSTEM CONTROL NUMBER

  • System control number: (OCoLC)oca05966515

040 ## - CATALOGING SOURCE

  • Original cataloging agency: DLC
  • Language of cataloging: spa
  • Transcribing agency: Mx-PuUPA
  • Modifying agency: DLC
  • Modifying agency: OCoLC
  • Modifying agency: DLC
  • Modifying agency: Mx-PuUPA
  • Description conventions: rda

046 ## - SPECIAL CODED DATES

  • Birth date: 19650404

053 #0 - LC CLASSIFICATION NUMBER

  • Classification number element--single number or beginning number of span: PS3608.O832

100 1# - HEADING--PERSONAL NAME

  • Personal name: Hosseini, Khaled,
  • Dates associated with a name: 1965-

370 ## - ASSOCIATED PLACE

  • Place of birth: Kabul, Afganistán

372 ## - FIELD OF ACTIVITY

  • Field of activity: Novela

373 ## - ASSOCIATED GROUP

  • Associated group: Universidad de California en San Diego
  • Associated group: Universidad de Santa Clara

374 ## - OCCUPATION

  • Occupation: Autor
  • Occupation: Escritor en lengua inglesa
  • Occupation: Médico afgano-estadounidense

375 ## - GENDER

  • Gender: hombre

377 ## - ASSOCIATED LANGUAGE

  • Language code: eng

400 1# - SEE FROM TRACING--PERSONAL NAME

  • Personal name: Хоссейни, Халед

400 1# - SEE FROM TRACING--PERSONAL NAME

  • Personal name: חוסייני, חאלד

670 ## - SOURCE DATA FOUND

  • Source citation: Hosseini, Khaled. The kite runner, 2003:
  • Information found: CIP t.p. (Khaled Hosseini) publ. info. (U.S. citizen)

670 ## - SOURCE DATA FOUND

  • Source citation: And the mountains echoed, 2013:
  • Information found: ECIP t.p. (Khaled Hosseini) data view (born in Kabul, Afghanistan; moved to the United States in 1980; his first novel, The Kite Runner, was an international bestseller; In 2006 he was named a goodwill envoy to UNHCR, the United Nations Refugee Agency; founder of the Khaled Husseini Foundation; resides in northern California)

678 ## - BIOGRAPHICAL OR HISTORICAL DATA

  • Biographical or historical data: Khaled Hosseini (en persa: خالد حسینی, pronunciado: Jáled Hosseini; Kabul, Afganistán, 4 de marzo de 1965) es un escritor en lengua inglesa y médico afgano-estadounidense, que se hizo famoso con sus superventas de los libros Cometas en el cielo (2003), Mil soles espléndidos (2007) y Y las montañas hablaron (2013). Biografía Su padre fue diplomático del Ministerio de Asuntos Exteriores de Afganistán y su madre enseñaba persa e Historia en un gran instituto en Kabul. A los cinco años la familia se mudó a Teherán, donde el padre había sido destinado en 1970 en la embajada afgana. Allí permanecieron hasta 1976, cuando este es enviado a París. Ya no podría regresar a Afganistán: en 1978 se produce en ese país la revolución comunista y en diciembre del año siguiente, la intervención soviética.